The pleasure principle (Record no. 69064)
[ view plain ]
| 000 -LEADER | |
|---|---|
| fixed length control field | 01125cam a2200277 4500 |
| 001 - CONTROL NUMBER | |
| control field | ABS64944 |
| 008 - FIXED-LENGTH DATA ELEMENTS--GENERAL INFORMATION | |
| fixed length control field | 011211n2001 000 0 eng u |
| 035 ## - SYSTEM CONTROL NUMBER | |
| System control number | (Sirsi) u115938 |
| 100 ## - MAIN ENTRY--PERSONAL NAME | |
| Personal name | Yule, I |
| 245 #4 - TITLE STATEMENT | |
| Title | The pleasure principle |
| 260 ## - PUBLICATION, DISTRIBUTION, ETC. | |
| Date of publication, distribution, etc. | 2001 |
| 490 ## - SERIES STATEMENT | |
| Series statement | Building |
| Volume/sequential designation | 266(8208) 2 November 2001, 64(1) |
| 520 ## - SUMMARY, ETC. | |
| Summary, etc. | Argues that the recent case "Farley v Skinner" is a warning to surveyors and designers that they could be liable if it is proved that a material part of the contract relates to the provision of pleasure. Mr Farley was awarded compensation for suffering physical inconvenience and distress in his retirement home because of aircraft noise which his surveyor claimed was not a problem. |
| 590 ## - LOCAL NOTE (RLIN) | |
| Local note | ABS |
| 650 ## - SUBJECT ADDED ENTRY--TOPICAL TERM | |
| Topical term or geographic name entry element | BREACH OF CONTRACT |
| 650 ## - SUBJECT ADDED ENTRY--TOPICAL TERM | |
| Topical term or geographic name entry element | NEGLIGENCE |
| 650 ## - SUBJECT ADDED ENTRY--TOPICAL TERM | |
| Topical term or geographic name entry element | FARLEY V SKINNER |
| 650 ## - SUBJECT ADDED ENTRY--TOPICAL TERM | |
| Topical term or geographic name entry element | RUXLEY ELECTRONICS AND CONSTRUCTION V FORSYTH |
| 650 ## - SUBJECT ADDED ENTRY--TOPICAL TERM | |
| Topical term or geographic name entry element | INCONVENIENCE |
| 650 ## - SUBJECT ADDED ENTRY--TOPICAL TERM | |
| Topical term or geographic name entry element | AIRCRAFT NOISE |
| 650 ## - SUBJECT ADDED ENTRY--TOPICAL TERM | |
| Topical term or geographic name entry element | DISTRESS |
| 650 ## - SUBJECT ADDED ENTRY--TOPICAL TERM | |
| Topical term or geographic name entry element | SURVEYORS |
| 650 ## - SUBJECT ADDED ENTRY--TOPICAL TERM | |
| Topical term or geographic name entry element | FACILITIES MANAGEMENT |
| 9 (RLIN) | 6240 |
| 690 ## - LOCAL SUBJECT ADDED ENTRY--TOPICAL TERM (OCLC, RLIN) | |
| Topical term or geographic name as entry element | MANAGEMENT-BUSINESS MANAGEMENT-PROFESSIONAL PRACTICE |
| 942 ## - ADDED ENTRY ELEMENTS (KOHA) | |
| Suppress in OPAC | 0 |
| Withdrawn status | Lost status | Source of classification or shelving scheme | Damaged status | Not for loan | Home library | Current library | Shelving location | Date acquired | Total Checkouts | Full call number | Barcode | Date last seen | Copy number | Price effective from | Koha item type |
|---|---|---|---|---|---|---|---|---|---|---|---|---|---|---|---|
| Dewey Decimal Classification | London | London | Journal article | 11/12/2001 | ABS64944 | 115938-1001 | 06/08/2019 | 1 | 06/08/2019 | Journal article |